Um pé de vento (Registo nº 4417)

Detalhes MARC
000 -Etiqueta do registo
Cabeçalho 00719nam0a2200265 4500
005 - Identificador da versão
Campo de controlo 20240813122100.0
010 ## - Número internacional normalizado dos livros (ISBN)
Número (ISBN) 9789899570566
021 ## - Número do Depósito Legal
Código do país PT
Número 316347/10
100 ## - Dados gerais de processamento
Dados gerais de processamento 20170526d2010 c y0pory5003 ba
102 ## - Pais de publicação ou produção
País de publicação Portugal
101 0# - Língua de publicação
Língua do texto, banda sonora, etc. Português
215 ## - Descrição física 
Indicação específica da natureza do documento e extensão da espécie 37, [5] p.
Outras indicações físicas il. color
200 1# - Titulo e menção de responsabilidade
Título próprio Um pé de vento
Primeira menção de responsabilidade Graça Breia
Outras menções de responsabilidade il. Raquel Pinheiro
205 ## - Menção da edição
Menção da edição 1ª ed.
210 ## - Publicação, Distribuição, etc. 
Lugar da edição, distribuição, etc. Lisboa
Nome do editor, distribuidor, etc. Ed. Cercica
Data da publicação, distribuição, etc. 2010
300 ## - Notas gerais 
Texto da nota PNL
606 ## - Nome comum usado como assunto
Número de registo de entrada de autoridade 0001918
Palavra de ordem Litertura portuguesa
Subdivisão de assunto Conto
Código do sistema CA
675 ## - Classificação Decimal Universal (CDU)
Notação 821.134.3-34
Edição 3ª ed.
Língua da edição por
702 #1 - Nome de autor-pessoa física (responsabilidade secundária)
Número de registo de entrada de autoridade 0000361
Palavra de ordem Pinheiro
Outra parte do nome não tomada para palavra de ordem Raquel
Código de função Ilustrador / Técnico de desenho computorizado
700 #1 - Nome de autor-pessoa física (responsabilidade principal)
Número de registo de entrada de autoridade 0001248
Palavra de ordem Breia
Outra parte do nome não tomada para palavra de ordem Graça
966 ## - Identificação da Biblioteca
Sigla EBVEN
942 ## - Elementos de entrada adicionados (Koha)
Tipo de item no Koha Livro
Exemplares
Situação do levantamento Origin of item (home branch) (coded) Biblioteca de empréstimo Código de barras Cota Circulation type (not for loan) Tipo de documento Nota do exemplar Damaged status
  Biblioteca Escolar das Vendas Biblioteca Escolar das Vendas BEV2475 8POR BRE PNL   Livro Sem mensagem